Lew Archer (Record no. 21166)
[ view plain ]
| 000 -LEADER | |
|---|---|
| fixed length control field | 01254nam a2200349 a 4500 |
| 001 - CONTROL NUMBER | |
| control field | 21166 |
| 003 - CONTROL NUMBER IDENTIFIER | |
| control field | VRT |
| 005 - DATE AND TIME OF LATEST TRANSACTION | |
| control field | 20260223141752.0 |
| 008 - FIXED-LENGTH DATA ELEMENTS--GENERAL INFORMATION | |
| fixed length control field | 090726s1973 xo 000 0 slo d |
| 035 ## - SYSTEM CONTROL NUMBER | |
| System control number | (SVKBBclas03)vtls000304978 |
| 039 #9 - LEVEL OF BIBLIOGRAPHIC CONTROL AND CODING DETAIL [OBSOLETE] | |
| Level of rules in bibliographic description | 202512272108 |
| Level of effort used to assign nonsubject heading access points | AUTHORITY |
| Level of effort used to assign subject headings | 202512091333 |
| Level of effort used to assign classification | AUTHORITY |
| Level of effort used to assign subject headings | 202512091323 |
| Level of effort used to assign classification | AUTHORITY |
| Level of effort used to assign subject headings | 201602151057 |
| Level of effort used to assign classification | AUTHORITY |
| 040 ## - CATALOGING SOURCE | |
| Original cataloging agency | SVKBB |
| Language of cataloging | slo |
| Transcribing agency | SVKBB |
| Description conventions | AACR2 |
| 041 1# - LANGUAGE CODE | |
| Language code of text/sound track or separate title | slo |
| Language code of original | eng |
| 080 ## - UNIVERSAL DECIMAL CLASSIFICATION NUMBER | |
| Universal Decimal Classification number | 821.111(73)-31=162.3 |
| Edition identifier | 2001 |
| 100 1# - MAIN ENTRY--PERSONAL NAME | |
| Personal name | Macdonald, Ross, |
| Dates associated with a name | 1915-1983 |
| 245 10 - TITLE STATEMENT | |
| Title | Lew Archer |
| Number of part/section of a work | 3 |
| Name of part/section of a work | Nestaň sa hneď nepriateľom. Sudičky. Chlad |
| Statement of responsibility, etc. | Ross MacDonald ; z angl. orig. prel. Tatiana Ruppeldtová, Otakar Kořínek, Katarína Jusková |
| 246 3# - VARYING FORM OF TITLE | |
| Title proper/short title | Nestaň sa hneď nepriateľom |
| 246 3# - VARYING FORM OF TITLE | |
| Title proper/short title | Sudičky |
| 246 3# - VARYING FORM OF TITLE | |
| Title proper/short title | Chlad |
| 250 ## - EDITION STATEMENT | |
| Edition statement | 1. vyd. |
| 260 ## - PUBLICATION, DISTRIBUTION, ETC. | |
| Place of publication, distribution, etc. | Bratislava |
| Name of publisher, distributor, etc. | Slovenský spisovateľ |
| Date of publication, distribution, etc. | 1973 |
| 300 ## - PHYSICAL DESCRIPTION | |
| Extent | 736 s. |
| 440 #0 - SERIES STATEMENT/ADDED ENTRY--TITLE | |
| Title | Zelená knižnica |
| 500 ## - GENERAL NOTE | |
| General note | Obsahuje 3 diela |
| 655 #7 - INDEX TERM--GENRE/FORM | |
| Genre/form data or focus term | detektívne romány |
| Source of term | SVKBBPH |
| 655 #7 - INDEX TERM--GENRE/FORM | |
| Genre/form data or focus term | americké romány |
| Source of term | SVKBBPH |
| 700 1# - ADDED ENTRY--PERSONAL NAME | |
| Personal name | Ruppeldtová, Tatiana, |
| Dates associated with a name | 1921-2006 |
| Relationship | trl |
| 700 1# - ADDED ENTRY--PERSONAL NAME | |
| Personal name | Jusková, Katarína, |
| Dates associated with a name | 1947- |
| Relationship | trl |
| 700 1# - ADDED ENTRY--PERSONAL NAME | |
| Personal name | Kořínek, Otakar, |
| Dates associated with a name | 1946-2025 |
| Relationship | trl |
| 942 ## - ADDED ENTRY ELEMENTS (KOHA) | |
| Source of classification or shelving scheme | Dewey Decimal Classification |
| Koha item type | Krásna literatúra pre dospelých |
| Suppress in OPAC | No |
| 949 ## - LOCAL PROCESSING INFORMATION (OCLC) | |
| 6 | 270001000450329 |
| a | svkbbS 74717 |
| b | svkbbm 280983 |
| Stav vyradenia | Strata | Poškodenie | Spôsob nadobudnutia | Domovská knižnica | Aktuálna knižnica | Dátum nadobudnutia | Total checkouts | Čiarový kód exemplára | Date last seen | Typ exemplára |
|---|---|---|---|---|---|---|---|---|---|---|
| Dar | Obecná knižnica Horná Štubňa | Obecná knižnica Horná Štubňa | 23.02.2026 | 4736201407 | 23.02.2026 | Krásna literatúra pre dospelých |
